ბათუმის შოთა რუსთაველის სახელმწიფო უნივერსიტეტის ბიბლიოთეკა

ვიქტიმოლოგია - მეცნიერება დანაშაულის მსხვერპლის შესახებ : (ბიბ.ჩანაწერი № 62411)

000 -ლიდერი
ფიქსირებული სიგრძის საკონტროლო ველი 01565nam a22002657a 4500
003 - საკონტროლო ნომრის იდენტიფიკატორი
საკონტროლო ველი Ge_BSU
005 - ბოლო ოპერაციის თარიღი და დრო
საკონტროლო ველი 20241023160314.0
008 - ფიქსირებული სიგრძის მონაცემთა ელემენტები - ზოგადი ინფორმაცია
ფიქსირებული სიგრძის საკონტროლო ველი 241023s2023 ge ||||| |||| 00| 0 geo d
020 ## - წიგნის საერთაშორისო სტანდარტული ნომერი
International Standard Book Number 9789941852381
041 ## - ენის კოდი
Language code of text/sound track or separate title geo
080 ## - უნივერსალური ათობითი კლასიფიკაციის ინდექსი
Universal Decimal Classification number 343.988 შ-19
100 ## - მთავარი ჩანაწერი - პიროვნების სახელი
Personal name შალიკაშვილი, მორის
9 (RLIN) 6791
245 ## - ცნობა სათაურის შესახებ
Title ვიქტიმოლოგია - მეცნიერება დანაშაულის მსხვერპლის შესახებ :
Remainder of title [სახელმძღვანელო] /
Statement of responsibility, etc მორის შალიკაშვილი, ხატია თანდილაშვილი, უშანგი ბახტაძე.
250 ## - გამოცემის ცნობა
Edition statement მე-2 შევსებული და გადამუშავებული გამოცემა.
264 ## - წარმოების, გამოცემის, დისტრიბუციის და სხვა ცნობები
გამოცემის, წარმოების, დისტრიბუციის... ადგილი თბილისი :
გამოცემის, წარმოების, დისტრიბუციის... სახელწოდება სულხან-საბა ორბელიანის უნივერსიტეტის გამომცემლობა,
გამოცემის, წარმოების, დისტრიბუციის... თარიღი 2023.
300 ## - ფიზიკური აღწერა
Extent 366 გვ. ;
Other physical details 24 სმ.
501 ## - შენიშვნა თანმხლებ მასალაზე
With note ბიბლიოგრაფია ტექსტის შენიშვნებში და გვ. 345-366.
653 ## - INDEX TERM--UNCONTROLLED
Uncontrolled term სამართალი
653 ## - INDEX TERM--UNCONTROLLED
Uncontrolled term დანაშაული
653 ## - INDEX TERM--UNCONTROLLED
Uncontrolled term მსვერპლი
653 ## - INDEX TERM--UNCONTROLLED
Uncontrolled term კრიმინალი
700 ## - ADDED ENTRY--PERSONAL NAME
Personal name თანდილაშვილი, ხატია
Relator term ავტორი
9 (RLIN) 23509
700 ## - ADDED ENTRY--PERSONAL NAME
Personal name ბახტაძე, უშანგი
Relator term ავტორი
9 (RLIN) 8089
942 ## - ADDED ENTRY ELEMENTS (KOHA)
Source of classification or shelving scheme
Koha item type წიგნი
ეგზემპლარები
ჩამოწერის სტატუსი დაკარგული ეგზემპლარის სტატუსი კლასიფიკაციის წყარო ან თაროზე გაწყობის სქემა დაზიანების სტატუსი არ გაიცემა მუდმივი მდებარეობა (დაცვის ადგილი) ამჟამინდელი ადგილსამყოფელი თაროზე განთავსების ადგილი შეძენის თარიღი ღირებულება, შესყიდვის ნორმალური ფასი სრული შენახვის შიფრი შტრიხკოდი ბოლო ოპერაციის თარიღი ეგზემპლარის მიმდევრობითი ნომერი (კეტერი?) ფასის ძალაში შესვლის თარიღი ეგზემპლარის სახეობა საჯარო შენიშვნა
          ბათუმის შოთა რუსთაველის სახელმწიფო უნივერსიტეტის მთავარი ბიბლიოთეკა ბათუმის შოთა რუსთაველის სახელმწიფო უნივერსიტეტის მთავარი ბიბლიოთეკა წიგნსაცავი 2024-10-23 12.00 343.988 შ-19 66134 2024-10-23 66134 2024-10-23 წიგნი 12 ლ.